Wiosna en Varsovia = (Record no. 193213)

MARC details
000 -LEADER
campo de control de longitud fija 01301nam a2200349 i 4500
001 - NÚMERO DE CONTROL
campo de control 193213
003 - IDENTIFICADOR DE NÚMERO DE CONTROL
campo de control SpMaBN
005 - FECHA Y HORA DE LA ÚLTIMA TRANSACCIÓN
campo de control 20240825183624.0
007 - CAMPO FIJO DE DESCRIPCIÓN FÍSICA--INFORMACIÓN GENERAL
campo de control de longitud fija ta
008 - DATOS DE LONGITUD FIJA--INFORMACIÓN GENERAL
campo de control de longitud fija 231005s2014 sp | |||| 000 p spa
020 ## - NÚMERO INTERNACIONAL ESTÁNDAR DEL LIBRO
Número Internacional Estándar del Libro 9788363706227
040 ## - FUENTE DE CATALOGACIÓN
Centro/agencia transcriptor Es-MaACL
080 ## - NÚMERO DE LA CLASIFICACIÓN DECIMAL UNIVERSAL
Número de la Clasificación Decimal Universal 821.134.2-14"19"
100 1# - ENTRADA PRINCIPAL--NOMBRE DE PERSONA
Nombre de persona Nistal, Gloria
Número de control del registro de autoridad o número normalizado XX1740682
Término indicativo de función/relación Autor
9 (RLIN) 234310
245 10 - MENCIÓN DEL TÍTULO
Título Wiosna en Varsovia =
Resto del título [Primavera en Varsovia] /
Mención de responsabilidad, etc. Gloria Nistal ; przelozyly, Magdalena Claver Pater, Krystyna Rodowska
246 1# - FORMA VARIANTE DEL TITULO
Título propio/Titulo breve Primavera en Varsovia
260 ## - PUBLICACIÓN, DISTRIBUCIÓN, ETC.
Lugar de publicación, distribución, etc. Rzeszów :
Nombre del editor, distribuidor, etc. Podkarpacki Instytut Ksiazki i Marketingu,
Fecha de publicación, distribución, etc. 2014
300 ## - DESCRIPCIÓN FÍSICA
Extensión 75 páginas ;
Dimensiones 21 cm
336 ## - TIPO DE CONTENIDO
Fuente rdacontent
Término de tipo de contenido Texto
337 ## - TIPO DE MEDIO
Fuente rdamedia
Nombre/término del tipo de medio sin mediación
338 ## - TIPO DE SOPORTE
Fuente rdacarrier
Nombre/término del tipo de soporte volumen
546 ## - NOTA DE IDIOMA
Nota de lengua/lenguaje Texto paralelo en polaco y español
655 #7 - TERMINO DE INDIZACIÓN--GENERO/FORMA
Datos o término principal de género/forma Poesías
Fuente del término tgfbne
9 (RLIN) 176539
700 1# - ENTRADA AGREGADA--NOMBRE PERSONAL
Nombre de persona Claver Pater, Magdalena
9 (RLIN) 234313
700 1# - ENTRADA AGREGADA--NOMBRE PERSONAL
Nombre de persona Rodowska, Krystyna,
9 (RLIN) 234314
Fechas asociadas al nombre 1937-
852 ## - LOCALIZACIÓN
Ubicación ES-MaACL
Sublocalización o colección R.154652
itemnumber 200595
Ubicación en estantería Depósito J
Número de control de estantería N-9423
Encuadernación Encuadernación rústica
Donativo/Legado Donación: Gloria Nistal
903 ## - NOMBRE PERSONAL DE DONANTE
a Nistal, Gloria
e Donante
9 234310
942 ## - ELEMENTOS DE ENTRADA SECUNDARIOS (KOHA)
Suprimir en OPAC No
Tipo de ítem Koha Libro impreso
Holdings
Estatus retirado Estado de pérdida Fuente del sistema de clasificación o colocación Estado de daño No para préstamo Biblioteca de origen Biblioteca actual Ubicación en estantería Fecha de adquisición Fuente de adquisición Número de control de estantería Total de préstamos Signatura topográfica completa Código de barras Visto por última vez Tipo de ítem Koha
    Clasificación decimal universal     Biblioteca del Ateneo de Madrid Biblioteca del Ateneo de Madrid Depósito J 05/10/2023 Donación Ateneísta   N-9423 101205890 05/10/2023 Libro impreso